000 00576nam a2200229Ia 4500
003 OSt
005 20220924151034.0
006 a|||||r|||| 00| 0
007 ta
008 220923b |||||||| |||| 00| 0 tel d
024 _a335750
037 _cTextual
040 _aARTS
_cARTS
_btel
041 _2tel
_atel
082 _aO35,3NEL,1, K2
100 _aJayasyamala M.
_9223433
245 0 _aChandara vadana chaka chakyam
260 _c1962
650 _aTELUGU FICTION
942 _hO35,3NEL,1, K2
_cTEXL
_2CC
999 _c465329
_d465329